BIBLIOTECA

SENCICO

Elementos de ingeniería sísmica (Registro nro. 1104)

Detalles MARC
000 -LEADER
fixed length control field 00886nam a2200265Ia 4500
005 - DATE AND TIME OF LATEST TRANSACTION
control field 20251020182459.0
008 - FIXED-LENGTH DATA ELEMENTS--GENERAL INFORMATION
fixed length control field 200515s9999 xx 000 0 und d
020 ## - INTERNATIONAL STANDARD BOOK NUMBER
International Standard Book Number 84-282-0416-0
082 ## - DEWEY DECIMAL CLASSIFICATION NUMBER
Classification number 624:699:88/B35
100 ## - MAIN ENTRY--PERSONAL NAME
Personal name Beles, Aurel A.
100 ## - MAIN ENTRY--PERSONAL NAME
Personal name García Yagüe, A.
100 ## - MAIN ENTRY--PERSONAL NAME
Personal name Ifrim, Mihail D.
245 #0 - TITLE STATEMENT
Title Elementos de ingeniería sísmica
260 ## - PUBLICATION, DISTRIBUTION, ETC.
Place of publication, distribution, etc. Barcelona
260 ## - PUBLICATION, DISTRIBUTION, ETC.
Name of publisher, distributor, etc. OMEGA
260 ## - PUBLICATION, DISTRIBUTION, ETC.
Date of publication, distribution, etc. 1975
300 ## - PHYSICAL DESCRIPTION
Extent 527 p.
300 ## - PHYSICAL DESCRIPTION
Other physical details il., tbl., graf., map.
500 ## - GENERAL NOTE
General note 1 ejemplar
520 ## - SUMMARY, ETC.
Summary, etc. Contiene teoría y métodos de cálculo, también experiencias del comportamiento real de las estructuras durante terremotos de gran magnitud, esto ha permitido aceptar como válidas las hipótesis simplificadoras inducidas en las ecuaciones básicas del movimie
650 ## - SUBJECT ADDED ENTRY--TOPICAL TERM
Topical term or geographic name entry element DISEÑO SISMORESISTENTE
650 ## - SUBJECT ADDED ENTRY--TOPICAL TERM
Topical term or geographic name entry element SISMOS
942 ## - ADDED ENTRY ELEMENTS (KOHA)
Koha item type Libros
Existencias
Fecha de la última vez que lo usaron Pago total Signatura topográfica completa Código de barras Precio efectivo desde Tipo de documento Estado perdido Estado dañado No es para préstamo Retirado Ubicación permanente Ubicación actual Fecha de adquisición
15/05/2020   624:699:88/B35 Bib-Lima15051104 15/05/2020 Libros         Biblioteca Central Lima Biblioteca Central Lima 15/05/2020